| 000 | 00765nam a2200229Ia 4500 | ||
|---|---|---|---|
| 003 | BUBTL | ||
| 008 | 151213s9999 xx 000 0 und d | ||
| 020 | _a8174092323 | ||
| 082 | _a621.812/ R1801s/ 2008 | ||
| 100 |
_aRao, Sunil S. _94384 |
||
| 245 |
_aSwitchgear protection and power systems : theory practice and problems / _cSunil S.Rao |
||
| 250 | _a3rd Edn. | ||
| 260 |
_aNew Delhi: _bKhanna Publishers, _c2007 |
||
| 300 |
_axxxii, 1339 p.: _bill.; _c24 cm. |
||
| 500 | _aIncludes Index | ||
| 505 | _aSwitchgear protection and power systems, Switchgear, power systems, Sunil S.Rao | ||
| 650 | 0 |
_aElectrical and Electronic Engineering _94295 |
|
| 650 | _ascience | ||
| 856 |
_k0 _l0 _yDownload |
||
| 942 |
_2ddc _cBK |
||
| 999 |
_c3996 _d3996 |
||